Bezplatná právna pomoc v pracovných veciach
Podmienky poskytovania právnej pomoci. Kto má nárok na poskytnutie bezplatnej právnej pomoci. Postup priznania bezplatnej pomoci v Centre právnej pomoci v Bratislave. Modelový prípad. Žiadosť o poskytnutie právnej pomoci.
Saved in:
| Main Author: | |
|---|---|
| Format: | Book Chapter |
| Language: | Slovak |
| Subjects: | |
| Tags: |
No Tags, Be the first to tag this record!
|
MARC
| LEADER | 00000naa$a2200000$$$4500 | ||
|---|---|---|---|
| 001 | 0049136 | ||
| 005 | 20231109091551.6 | ||
| 041 | 0 | |a slo | |
| 044 | |a SK | ||
| 245 | 1 | 0 | |a Bezplatná právna pomoc v pracovných veciach |c Janka Chorvátová |
| 520 | |a Podmienky poskytovania právnej pomoci. Kto má nárok na poskytnutie bezplatnej právnej pomoci. Postup priznania bezplatnej pomoci v Centre právnej pomoci v Bratislave. Modelový prípad. Žiadosť o poskytnutie právnej pomoci. | ||
| 610 | 2 | 0 | |a právo |
| 610 | 2 | 0 | |a pomoc štátna |
| 610 | 2 | 0 | |a vzťahy občianskoprávne |
| 610 | 2 | 0 | |a vzťahy pracovnoprávne |
| 610 | 2 | 0 | |a výpoveď |
| 610 | 2 | 0 | |a mzdy |
| 610 | 2 | 0 | |a príjmy |
| 610 | 2 | 0 | |a osoby fyzické |
| 610 | 2 | 0 | |a legislatíva |
| 100 | 1 | |a Chorvátová, Janka | |